000
00314nam a22001217a 4500
082
_a
297.2
100
_a
Nuzhat Mufti
245
_a
Asr e hazir k Taqazay aur kaleed fozul Bashar
_c
Mufti, Nuzhat
260
_a
Noshera:
_b
Taj Publisher,
_c
2025.
300
_a
824 p.
_c
22cm
563
_a
HB.
942
_2
ddc
_c
BK
999
_c
614968
_d
614968